| 000 | 00565nam a2200193Ia 4500 | ||
|---|---|---|---|
| 003 | OSt | ||
| 005 | 20250711131247.0 | ||
| 008 | 210210b2007 xxu||||| |||| 00| 0 eng d | ||
| 040 | _cAL | ||
| 041 | _aKannada | ||
| 082 | _aK894.8 KANS | ||
| 100 |
_aKRASHNAKUMAR (Si Pi) _dಕೃಷ್ಣಕುಮಾರ್ (ಸಿ ಪಿ) _9218259 |
||
| 245 |
_aSahitya shilana _bಸಾಹಿತ್ಯ ಶೀಲನ |
||
| 260 |
_aHampi _bKannada Vishvavidyalaya Hampi _c2007 |
||
| 300 | _avii,295 | ||
| 690 |
_aKannada Miscellaneous _9218260 |
||
| 906 | _a062624 | ||
| 942 |
_2ddc _cBK |
||
| 999 |
_c117860 _d117860 |
||